000 00477nam a2200181Ia 4500
008 131103s9999 xx 000 0 und d
020 _a816717605
040 _aLoreto College
041 _aEnglish
082 _aREF7
_bLCBED/11057
100 _aCraig, Janet
245 _aDiscovering whales and dolphins
_cJanet Craig
260 _aNew jersey
_bTroll associates
_c1982
300 _a32p.
_b ill., pic
_c 24cm.
650 _aRefarence
850 _aLCBED/REF7
942 _cBK
999 _c31591
_d82070